Canciones de Disney por película - Estadísticas

Estadísticas generales
  • Esta prueba ha sido intentada 82 veces
    75 desde el último reinicio
  • La puntuación promedio es 44 de 156
Estadísticas de respuestas
Película Respuesta % Correcto
El rey león Hakuna matata
84%
Encanto No se habla de Bruno
80%
Frozen Suéltalo / Libre soy
80%
Aladdín Un mundo ideal
79%
La bella y la bestia Bella
77%
Bambi Canción de amor
73%
La bella y la bestia Bella y bestia son /La bella y la bestia
70%
Pocahontas Colores en el viento
68%
Frozen Hazme un muñeco de nieve / ¿Y si hacemos un muñeco
64%
El rey león Yo voy a ser el rey león /Yo quisiera ya ser el rey
64%
La sirenita Bajo el mar
63%
Hércules De cero a héroe
63%
Enredados Mi sueño es / Mi sueño ideal
63%
Dumbo Hijo del corazón
59%
El libro de la selva Quiero ser como tú
59%
Enredados Veo en ti la luz
59%
El libro de la selva Busca lo más vital
57%
Hércules No diré que es amor /No hablaré de mi amor
57%
Aladdín Un genio genial /Un amigo fiel
57%
Tiana y el sapo Ya llegaré / Llegaré
57%
Blancanieves Ay Ho
55%
La sirenita Bésala
55%
Mulán Reflejo / Mi reflejo
55%
Mulán Voy a hacer todo un hombre de ti /Hombres de acción
55%
Encanto La familia Madrigal
54%
Frozen La puerta hacia el amor /La puerta es el amor
54%
Aladdín Príncipe Alí
54%
Tiana y el sapo Tengo amigos del más allá / Influencia en el más allá
54%
Hércules No importa la distancia /Llegaré a mi meta
52%
La bella y la bestia Qué festín / Nuestro huésped
52%
Enredados ¿Cuándo mi vida va a comenzar? /¿Cuándo empezaré a vivir?
50%
Mulán Mi dulce y linda flor /Mi chica es la razón
50%
Vaiana o Moana ¿Qué hay más allá? / Cuán lejos voy
50%
El rey león Ciclo sin fin
48%
Vaiana o Moana De nada
48%
El rey león Es la noche del amor /Esta noche es para amar
48%
Enredados Madre sabe más / Sabia es mamá
48%
Tarzán En mi corazón vivirás
46%
La bella y la bestia Gastón
46%
Mulán Honra nos darás /Nos vas a brindar honor
46%
Peter Pan ¿Por qué decimos au?
46%
El rey león Preparaos /Listos ya
46%
Hércules Tan cierto como tú /La virtud
46%
Dumbo Nunca vi un elefante volar
45%
La sirenita Parte de él
45%
Cenicienta Bibidi Babidi Bu
43%
101 Dálmatas Cruella de Vil
43%
Tarzán Hijo de hombre
43%
Frozen Por primera vez en años /Finalmente y como nunca
43%
Frozen En verano / Verano
41%
Encanto Dos oruguitas
39%
Aladdín El rey / Un salto adelante
39%
Hermano oso En marcha estoy
38%
La bella durmiente Eres tú el príncipe azul
38%
Aladdín Si a Arabia tú vas /Noches de Arabia
38%
Vaiana o Moana Brillante / Brillo
34%
La dama y el vagabundo Gatitos siameses
34%
Pocahontas Río abajo /Qué será, quiero saber
34%
Hermano oso Bienvenido
32%
Hércules Mi última esperanza /La última esperanza
32%
La bella y la bestia Algo nuevo / Algo ahí
30%
Pocahontas Bárbaros
30%
Hércules Ha nacido una estrella /Nació un campeón
30%
Tiana y el sapo Ma belle Evangeline
30%
Peter Pan Volarás, volarás
30%
Encanto Inspiración
29%
Cenicienta La canción del trabajo
29%
Tarzán Lo extraño que soy
29%
Enredados Brilla linda flor / Flor que da fulgor
27%
Blancanieves Deseo
27%
Encanto En lo profundo / Peso
27%
La sirenita Pobres almas en desgracia / Pobres almas sin sol
27%
Tod y Toby Si amigo sabes ser
27%
Tiana y el sapo Bienvenidos a Nueva Orleans / Ven a Nueva Orleans
25%
Peter Pan Por donde tú vayas
25%
El planeta del tesoro Sigo aquí
25%
Tarzán Dos mundos
23%
El libro de la selva En mi hogar
23%
Tiana y el sapo Hay que saber llegar al fondo / Trabajo duro
23%
Cenicienta Soñar es desear
23%
Tiana y el sapo Vivo en el pantano /Todos al pantano
23%
Merlín Lo que al mundo da sabor
20%
Tiana y el sapo Si humano fuera ya /Lograremos ser humanos
20%
Blancanieves Silbando al trabajar
20%
Vaiana o Moana Yo soy Vaiana / Yo soy Moana
20%
Frozen Corazón de hielo / Helado corazón
18%
Pinocho La estrella azul
18%
El libro de la selva Marcha de los elefantes
18%
Pocahontas Más, más, más
18%
Pinocho Dame un silbidito
16%
Tarzán Desbaratando el campamento
16%
El libro de la selva La amistad
16%
Frozen Solo tiene que mejorar un poco /Reparaciones
16%
Encanto Solo tú
16%
Encanto Un regalo mágico
16%
El jorobado de Notre Dame El son de Notre Dame / Las campanas de Notre Dame
14%
Los aristogatos Los aristogatos
14%
La bella durmiente Pobre Aurora
14%
La bella durmiente Salve princesa Aurora
14%
Blancanieves Sonreír y cantar
14%
Los aristogatos Todos quieren ser ya gatos jazz
14%
Vaiana o Moana Un nuevo hogar / Saber volver
14%
Vaiana o Moana Aquí está / Tu lugar
13%
El libro de la selva Confía en mí
13%
El jorobado de Notre Dame Luz celestial, fuego infernal / Luz celestial, fuego de infierno
13%
Hermano oso No hay salida
13%
Los aristogatos O'Malley
13%
El jorobado de Notre Dame Oración de Esmeralda /Dios ayude a los marginados
13%
La bella y la bestia Asalto al castillo / Que muera ya
11%
Pocahontas Como el ritmo del tambor
11%
Los aristogatos Escalas y arpegios
11%
La sirenita Las hijas de tritón
11%
Los rescatadores Mañana un nuevo día será
11%
Vaiana o Moana Quién eres de verdad / Quién eres
11%
La dama y el vagabundo Bella notte
9%
Descubriendo a los Robinsons oLa familia del futuro Dame una oportunidad /Creer en ti mismo
9%
Cenicienta Esto es amor
9%
Blancanieves Mi príncipe vendrá
9%
Pinocho Sin hilos
9%
Hermano oso Tres hermanos
9%
Bambi Canción de primavera
7%
Peter Pan El capitán Garfio es el mejor
7%
Pocahontas Gloria y riqueza /La compañía de Virginia
7%
Merlín Hokiti pokiti
7%
El emperador y sus locuras oLas locuras del emperador Mundo perfecto
7%
Basil, el ratón superdetective oPolicías y ratones Ratigan
7%
Descubriendo a los Robinsons oLa familia del futuro Casi milagros /Pequeñas maravillas
5%
Blancanieves La canción del baño
5%
Merlín Madam Mim
5%
Peter Pan Oh, la vida de los piratas
5%
Robin Hood Qué día más feliz
5%
Frozen Renos mejor que personas /Renos mejor que humanos
5%
El jorobado de Notre Dame Un tipo así /Ser como tú
5%
Robin Hood Amor
4%
La sirenita Canción de los marineros
4%
Blancanieves Canción tonta
4%
La bella durmiente Copas
4%
Pocahontas Abre el corazón / Con el corazón
4%
La dama y el vagabundo Es un vagabundo
4%
El jorobado de Notre Dame Fuera / Afuera
4%
Robin Hood Jamás en Nottingham
4%
La bella durmiente La bella durmiente
4%
Robin Hood El rey pelele
2%
El jorobado de Notre Dame La corte de los milagros
2%
Bambi Las gotitas
2%
La bella durmiente Me pregunto
2%
Tod y Toby Respeta a las damas
2%
Los rescatadores Salvamento eficaz
2%
El jorobado de Notre Dame Todo al revés /Topsy turvy
2%
Merlín Una situación de confusión
2%
Pinocho Cabecita de madera
0%
Tod y Toby Falta de educación
0%
Dumbo La cigüeña
0%
La sirenita Le poisson
0%
Los rescatadores Pronto la dicha llegará
0%
Pinocho Tralaralari
0%
No se encontraron pruebas coincidentes
Distribución de puntuación
Porcentaje de gente con cada puntuación
Porcentaje por número respondido
Historial de tus puntuaciones
No has intentado esta prueba desde el último reinicio